Closest U.S. City To National Park #1 - Statistics

General Stats
  • This quiz has been taken 35 times
  • The average score is 12 of 15
Answer Stats
National Park U.S. City % Correct
Indiana Dunes Chicago
97%
Crater Lake Portland
97%
Wind Cave Denver
93%
Zion Las Vegas
93%
Yellowstone Salt Lake City
93%
Acadia Boston
90%
Katmai Seattle
90%
Dry Tortugas Miami
86%
Yosemite Fresno
83%
Mammoth Cave Louisville
79%
Voyageurs Minneapolis
72%
Big Bend San Antonio
69%
New River Gorge Columbus
66%
Congaree Charlotte
62%
Carlsbad Caverns Tucson
59%
No matching quizzes found
Score Distribution
Percent of People with Each Score
Percentile by Number Answered
Your Score History
You have not taken this quiz